Les 100 noms de familles les plus portés en France - Statistiques

Statistiques générales
  • Ce quiz a été pris 166 fois
  • Le résultat moyen est 16 sur 100
Statistiques - réponses
Place Nom % Correct
22 DUPONT
77%
1 MARTIN
73%
92 PIERRE
44%
7 DURAND
40%
4 PETIT
40%
2 BERNARD
37%
3 THOMAS
35%
37 FRANÇOIS
33%
12 MICHEL
33%
8 DUBOIS
32%
32 BLANC
31%
38 LEGRAND
31%
10 LAURENT
28%
55 MARIE
28%
5 ROBERT
26%
17 BERTRAND
25%
16 DAVID
25%
46 HENRY
24%
13 LEFEBVRE
23%
45 NICOLAS
23%
72 GERARD
21%
6 RICHARD
21%
11 SIMON
21%
61 BRUN
20%
90 PHILIPPE
20%
14 LEROY
19%
89 OLIVIER
19%
26 VINCENT
19%
53 DENIS
18%
28 LEFEVRE
18%
48 MATHIEU
18%
30 ANDRE
17%
43 CLEMENT
17%
95 LECLERC
17%
36 CHEVALIER
15%
54 DUMONT
15%
94 REY
15%
82 ROGER
15%
97 ROLLAND
15%
15 ROUX
15%
93 BENOIT
14%
24 FONTAINE
14%
77 LEROUX
14%
52 DUVAL
13%
19 FOURNIER
13%
66 LUCAS
13%
9 MOREAU
13%
76 ROY
13%
40 GARCIA
12%
57 NOEL
12%
86 RENAUD
12%
70 ARNAUD
11%
78 COLIN
11%
29 FAURE
11%
20 GIRARD
11%
99 GUILLAUME
11%
31 MERCIER
11%
41 PERRIN
11%
39 GAUTHIER
10%
85 LEMOINE
10%
18 MOREL
10%
35 GARNIER
9%
51 MARCHAND
9%
60 MEUNIER
9%
44 MORIN
9%
27 MULLER
9%
42 ROBIN
9%
73 ROCHE
9%
25 ROUSSEAU
9%
87 DUMAS
8%
64 JOLY
8%
71 MARTINEZ
8%
91 BOURGEOIS
7%
49 GAUTIER
7%
33 GUERIN
7%
56 LEMAIRE
7%
50 MASSON
7%
74 RENARD
7%
65 RIVIERE
7%
47 ROUSSEL
7%
62 BLANCHARD
6%
34 BOYER
6%
59 DUFOUR
6%
63 GIRAUD
6%
23 LAMBERT
6%
21 BONNET
5%
83 FABRE
5%
68 GAILLARD
5%
88 LACROIX
5%
98 LECLERCQ
5%
58 MEYER
5%
81 PICARD
5%
75 SCHMITT
5%
79 VIDAL
5%
84 AUBERT
4%
80 CARON
4%
69 BARBIER
3%
67 BRUNET
3%
100 LECOMPTE
2%
96 PAYET
2%
Aucun quiz correspondant
Distribution des résultats
% des personnes avec chaque résultat
Percentile par nombre de réponses
Votre historique - résultats
Vous n’avez pas pris ce quiz